000 00261nam a2200097Ia 4500
001 1166712
005 20250827011805.0
008 250824s9999 xx 000 0 und d
245 0 _aKENDİ KENDİNİN GARDİYANI OLMAK
_cSANAL KLİNİK
260 _bDESTEK YAYINLARI
999 _c1166712
_d1166712